[Event "BL 9394 Bochum-Zehlendorf"]
[Site "?"]
[Date "1994.??.??"]
[Round "?.3"]
[White "Rahls, P."]
[Black "Schulz, KJ."]
[Result "0-1"]
[WhiteElo "2230"]
[BlackElo "2420"]
[PlyCount "124"]
[EventDate "1994.??.??"]

1. e4 e6 2. Nf3 d5 3. e5 c5 4. b4 cxb4 5. d4 Qa5 6. Bb2 b3+ 7. c3 bxa2 8. Nbd2
Bd7 9. Qb3 Nc6 10. Rxa2 Qc7 11. Bd3 Na5 12. Qc2 h6 13. O-O b5 14. Rfa1 Nc4 15.
Nb3 Ne7 16. Nc5 Nc8 17. Bxc4 bxc4 18. Ba3 Bb5 19. Rb2 Qc6 20. Nxe6 fxe6 21.
Qg6+ Kd8 22. Bxf8 Rxf8 23. Qxg7 Re8 24. Qxh6 a6 25. Ng5 Kc7 26. f4 Kb6 27. g4
Na7 28. f5 exf5 29. Qxc6+ Nxc6 30. gxf5 Nxe5 31. dxe5 Rxe5 32. Rf1 Rf8 33. Rbf2
Bd7 34. Rb2+ Kc5 35. Ra1 Rfxf5 36. h4 Bb5 37. Kg2 Re3 38. Rf2 Rxf2+ 39. Kxf2
Rxc3 40. h5 Be8 41. h6 Bg6 42. Rxa6 Rc2+ 43. Kg3 Bd3 44. Ne6+ Kb4 45. Nf4 Be4
46. Re6 Ra2 47. Re8 Ra7 48. Kf2 Rh7 49. Re6 c3 50. Ke3 c2 51. Ne2 Rf7 52. Kd4
Rc7 53. Nc1 Rc4+ 54. Ke3 Rc3+ 55. Kd2 Rh3 56. Rb6+ Kc5 57. Rf6 Rh2+ 58. Kc3 d4+
59. Kb2 d3 60. Rf4 Kd4 61. Nb3+ Ke3 62. Rf1 d2 0-1

[Event "BL 9394 Bochum-Zehlendorf"]
[Site "?"]
[Date "1994.??.??"]
[Round "?.4"]
[White "Jackelen, T."]
[Black "Cladouras, P."]
[Result "1/2-1/2"]
[WhiteElo "2425"]
[BlackElo "2350"]
[PlyCount "93"]
[EventDate "1994.??.??"]

1. Nf3 Nf6 2. c4 e6 3. g3 d5 4. Bg2 Be7 5. O-O O-O 6. d4 dxc4 7. Qc2 a6 8. Qxc4
b5 9. Qc2 Bb7 10. Bg5 Nbd7 11. Bxf6 Nxf6 12. Nbd2 Ra7 13. Nb3 Be4 14. Qc3 Nd5
15. Qd2 a5 16. Rac1 Bb4 17. Qd1 a4 18. Nc5 Bxf3 19. Bxf3 a3 20. bxa3 Rxa3 21.
Qc2 Bc3 22. Rfd1 b4 23. Nd3 Qa8 24. Qb1 Rb8 25. e4 Nf6 26. Nf4 Qa7 27. Ne2 Rxa2
28. Qd3 Bb2 29. Rb1 Ra3 30. Qc2 Rxf3 31. Rxb2 h5 32. Kg2 Ra3 33. Rdb1 Qa8 34.
f3 Qa5 35. Qd2 Ra4 36. Nc1 h4 37. Nd3 Ra1 38. Rxb4 Rxb4 39. Qxb4 Ra2+ 40. Kh3
Qg5 41. Rb2 Rxb2 42. Qxb2 hxg3 43. hxg3 Qe3 44. Ne5 Qg1 45. g4 g5 46. Qb8+ Kg7
47. Qxc7 1/2-1/2

[Event "BL 9394 Bochum-Zehlendorf"]
[Site "?"]
[Date "1994.??.??"]
[Round "?.6"]
[White "Sonntag, HH."]
[Black "Lieb, H."]
[Result "1-0"]
[WhiteElo "2405"]
[BlackElo "2275"]
[PlyCount "61"]
[EventDate "1994.??.??"]

1. d4 d5 2. c4 c6 3. Nf3 Nf6 4. Nc3 a6 5. a4 e6 6. Bg5 Be7 7. e3 O-O 8. Bd3
Nbd7 9. O-O dxc4 10. Bxc4 c5 11. Qe2 cxd4 12. exd4 Nb6 13. Ba2 Bd7 14. a5 Nbd5
15. Ne5 Rc8 16. Qf3 Bc6 17. Nxc6 bxc6 18. Bc4 Nb4 19. Ra4 Rb8 20. Rd1 Nfd5 21.
Bxe7 Qxe7 22. Ne4 e5 23. dxe5 Qxe5 24. Nc5 Rbd8 25. Nxa6 Nxa6 26. Bxa6 Qxb2 27.
Raa1 Rb8 28. Bc4 Nb4 29. Rab1 Qe5 30. Rxb4 Rxb4 31. Qxf7+ 1-0

[Event "BL 9394 Bochum-Zehlendorf"]
[Site "?"]
[Date "1994.??.??"]
[Round "?.8"]
[White "Ellers, H."]
[Black "Klimm, W."]
[Result "1/2-1/2"]
[WhiteElo "2255"]
[BlackElo "2250"]
[PlyCount "111"]
[EventDate "1994.??.??"]

1. d4 Nf6 2. c4 e6 3. g3 Bb4+ 4. Bd2 Qe7 5. Bg2 Nc6 6. e3 a5 7. Ne2 Bxd2+ 8.
Qxd2 d6 9. O-O O-O 10. Nbc3 e5 11. Rad1 Re8 12. h3 e4 13. Nf4 Bf5 14. g4 Bg6
15. g5 Nh5 16. Nxg6 hxg6 17. Nxe4 f5 18. gxf6 gxf6 19. Nc3 Kg7 20. Nd5 Qf7 21.
a3 Nd8 22. c5 dxc5 23. dxc5 Ne6 24. Qc2 Red8 25. c6 b6 26. Nxb6 cxb6 27. c7
Rxd1 28. Rxd1 Rc8 29. Bd5 Rxc7 30. Qb3 Re7 31. Qxb6 f5 32. Bc4 Kh7 33. Rd6 Nhg7
34. Qxa5 f4 35. Qe5 fxe3 36. Qxe3 Qf6 37. Bxe6 Rxe6 38. Rxe6 Nxe6 39. Qa7+ Kh6
40. Qe3+ Nf4 41. Kh2 g5 42. Qc3 Qf8 43. Qf3 Qd6 44. Qg3 Qf6 45. Qc3 Qd8 46. a4
Ng6 47. a5 Qb8+ 48. Kg1 Qb7 49. Qd4 Qc6 50. Qc3 Qd5 51. b4 Qd1+ 52. Kh2 Qd6+
53. Kg1 Qd1+ 54. Kh2 Qd6+ 55. Kg1 Qd1+ 56. Kh2 1/2-1/2

[Event "BL 9394 Empor Berlin-Bochum"]
[Site "?"]
[Date "1994.??.??"]
[Round "?.2"]
[White "Kovalev, A."]
[Black "Glek, I."]
[Result "1/2-1/2"]
[WhiteElo "2530"]
[BlackElo "2590"]
[PlyCount "55"]
[EventDate "1994.??.??"]

1. e4 e6 2. d4 d5 3. Nc3 Nf6 4. Bg5 Bb4 5. e5 h6 6. Bd2 Bxc3 7. bxc3 Ne4 8. Qg4
g6 9. Bd3 Nxd2 10. Kxd2 c5 11. h4 Nc6 12. Qf4 Qa5 13. h5 gxh5 14. Nf3 b6 15.
Rxh5 Ba6 16. Bxa6 Qxa6 17. Rxh6 Rxh6 18. Qxh6 O-O-O 19. Qe3 Qa3 20. Qd3 Na5 21.
Ke2 Nc4 22. Nd2 Nb2 23. Qb5 Qxc3 24. Rb1 Nc4 25. Nxc4 dxc4 26. Qc6+ Kb8 27.
Rxb6+ axb6 28. Qxb6+ 1/2-1/2

[Event "BL 9394 Empor Berlin-Bochum"]
[Site "?"]
[Date "1994.??.??"]
[Round "?.3"]
[White "Schulz, KJ."]
[Black "Muse, M."]
[Result "0-1"]
[WhiteElo "2420"]
[BlackElo "2455"]
[PlyCount "68"]
[EventDate "1994.??.??"]

1. Nf3 Nf6 2. c4 g6 3. g3 Bg7 4. Bg2 O-O 5. O-O d6 6. Nc3 c6 7. e4 a6 8. d4 Bg4
9. h3 Bxf3 10. Qxf3 Nfd7 11. Be3 Qb6 12. Rad1 Qxb2 13. Bg5 Re8 14. Rb1 Qa3 15.
Rfd1 Qa5 16. h4 Qc7 17. h5 Nf8 18. Be3 Nbd7 19. a4 Rab8 20. hxg6 hxg6 21. Rb3
Ne6 22. Bh3 Ndf8 23. d5 cxd5 24. Nxd5 Qxc4 25. Rb4 Qa2 26. Ba7 Ng5 27. Qg4
Nxh3+ 28. Qxh3 a5 29. Rbb1 Ra8 30. Rxb7 Qxa4 31. Re1 e6 32. Ne7+ Rxe7 33. Rxe7
Qc6 34. Qg4 Bf6 0-1

[Event "BL 9394 Empor Berlin-Bochum"]
[Site "?"]
[Date "1994.??.??"]
[Round "?.4"]
[White "Luther, T."]
[Black "Jackelen, T."]
[Result "1/2-1/2"]
[WhiteElo "2515"]
[BlackElo "2425"]
[PlyCount "55"]
[EventDate "1994.??.??"]

1. e4 d5 2. exd5 Qxd5 3. Nc3 Qa5 4. Nf3 Nf6 5. d4 c6 6. Bc4 Bf5 7. Bd2 e6 8.
Qe2 Bb4 9. O-O-O Nbd7 10. a3 Bxc3 11. Bxc3 Qc7 12. Ne5 Nxe5 13. dxe5 Nd5 14.
Bd2 O-O-O 15. g4 Bg6 16. f4 h5 17. h3 Qb6 18. Rdf1 hxg4 19. hxg4 Rxh1 20. Rxh1
Qd4 21. c3 Qc5 22. b4 Qe7 23. Kb2 Qd7 24. Bc1 Nxc3 25. Kxc3 Qd4+ 26. Kb3 b5 27.
Rh3 bxc4+ 28. Qxc4 1/2-1/2

[Event "BL 9394 Empor Berlin-Bochum"]
[Site "?"]
[Date "1994.??.??"]
[Round "?.5"]
[White "Luecke, N."]
[Black "Volke, K."]
[Result "1/2-1/2"]
[WhiteElo "2410"]
[BlackElo "2480"]
[PlyCount "20"]
[EventDate "1994.??.??"]

1. e4 c5 2. Nf3 e6 3. d4 cxd4 4. Nxd4 Nf6 5. Nc3 d6 6. Be2 Be7 7. O-O O-O 8. f4
Nc6 9. Kh1 Bd7 10. Be3 a6 1/2-1/2

[Event "BL 9394 Empor Berlin-Bochum"]
[Site "?"]
[Date "1994.??.??"]
[Round "?.6"]
[White "Rabiega, R."]
[Black "Sonntag, HH."]
[Result "1/2-1/2"]
[WhiteElo "2480"]
[BlackElo "2405"]
[PlyCount "45"]
[EventDate "1994.??.??"]

1. e4 e5 2. Nf3 Nc6 3. Bc4 Bc5 4. d3 Nf6 5. Nc3 h6 6. Be3 Bb6 7. Qd2 d6 8. h3
Be6 9. Bxe6 fxe6 10. Bxb6 axb6 11. d4 exd4 12. Nxd4 Qe7 13. O-O O-O 14. f4 d5
15. exd5 exd5 16. Kh2 Nxd4 17. Qxd4 Qc5 18. Qd3 c6 19. Ne2 Ne4 20. Nd4 Qd6 21.
g3 Nc5 22. Qd2 Rfe8 23. Nf3 1/2-1/2

[Event "BL 9394 Empor Berlin-Bochum"]
[Site "?"]
[Date "1994.??.??"]
[Round "?.7"]
[White "Kitte, S."]
[Black "Poldauf, D."]
[Result "0-1"]
[WhiteElo "2205"]
[BlackElo "2425"]
[PlyCount "94"]
[EventDate "1994.??.??"]

1. d4 Nf6 2. c4 g6 3. Nc3 Bg7 4. e4 d6 5. Nf3 O-O 6. h3 e5 7. d5 Nbd7 8. Be3
Nc5 9. Nd2 a5 10. g4 c6 11. Qe2 a4 12. Bg2 Qa5 13. a3 Bd7 14. O-O Qa6 15. Na2
cxd5 16. Nb4 Qa5 17. exd5 Ne8 18. Rab1 f5 19. f3 Nc7 20. Rfd1 N7a6 21. Na2 Rae8
22. Kh1 e4 23. fxe4 fxe4 24. Nf1 Nd3 25. Ng3 Nf4 26. Qd2 Qxd2 27. Rxd2 Nc5 28.
Rf1 Nfd3 29. Rxf8+ Rxf8 30. Nc3 Nxb2 31. Rxb2 Bxc3 32. Rb6 Be5 33. Bxc5 Bxg3
34. Bxd6 Bxd6 35. Rxd6 e3 36. Rxd7 e2 37. Re7 Rf1+ 38. Kh2 e1=Q 39. Rxe1 Rxe1
40. d6 Kf8 41. Bxb7 Rc1 42. Bd5 Rc3 43. g5 Rxa3 44. c5 Rc3 45. c6 Ke8 46. Kg2
a3 47. Kf1 a2 0-1

[Event "BL 9394 Empor Berlin-Bochum"]
[Site "?"]
[Date "1994.??.??"]
[Round "?.8"]
[White "Stern, R."]
[Black "Ellers, H."]
[Result "1/2-1/2"]
[WhiteElo "2385"]
[BlackElo "2255"]
[PlyCount "75"]
[EventDate "1994.??.??"]

1. e4 c6 2. d4 d5 3. Nd2 dxe4 4. Nxe4 Nd7 5. Nf3 Ngf6 6. Nxf6+ Nxf6 7. c3 Qc7
8. Bc4 Bf5 9. Qe2 e6 10. Ne5 Bd6 11. O-O O-O 12. Bf4 Nd5 13. Bg3 Rfe8 14. Rfe1
Rad8 15. Qf3 a5 16. Bb3 Nb6 17. a4 Qe7 18. Rad1 Bg6 19. h3 Qg5 20. Bf4 Qe7 21.
Nxg6 hxg6 22. Bc1 Qf6 23. Qe4 Qf5 24. Bc2 Qxe4 25. Rxe4 Nd5 26. g3 Be7 27. Kg2
Bf6 28. Ree1 Kf8 29. h4 Ke7 30. Be4 Kd7 31. Rd3 Kc8 32. Red1 Nb6 33. b3 Nd5 34.
f4 Rh8 35. Kf2 Rd7 36. Bg2 Re8 37. Bb2 Ne7 38. Be4 1/2-1/2

[Event "BL 9394 Zehlendorf-Castrop Rauxel"]
[Site "?"]
[Date "1994.??.??"]
[Round "?.1"]
[White "Watson, W."]
[Black "Bagirov, V."]
[Result "1/2-1/2"]
[WhiteElo "2525"]
[BlackElo "2525"]
[PlyCount "37"]
[EventDate "1994.??.??"]

1. e4 Nf6 2. Nc3 d5 3. e5 Nfd7 4. f4 e6 5. Nf3 c5 6. g3 Nc6 7. Bg2 Be7 8. O-O
Rb8 9. a4 a6 10. d3 b5 11. axb5 axb5 12. g4 b4 13. Ne2 O-O 14. g5 Bb7 15. Ng3
g6 16. Nh1 Nd4 17. Nf2 Nf5 18. Ng4 Qc7 19. Nf6+ 1/2-1/2

[Event "BL 9394 Zehlendorf-Castrop Rauxel"]
[Site "?"]
[Date "1994.??.??"]
[Round "?.2"]
[White "Loeffler, S."]
[Black "King, D."]
[Result "1/2-1/2"]
[WhiteElo "2440"]
[BlackElo "2455"]
[PlyCount "88"]
[EventDate "1994.??.??"]

1. Nf3 Nf6 2. c4 e6 3. d4 Bb4+ 4. Bd2 Bxd2+ 5. Qxd2 O-O 6. Nc3 d5 7. e3 Qe7 8.
Rc1 Rd8 9. Qc2 dxc4 10. Bxc4 c5 11. O-O Nc6 12. dxc5 Qxc5 13. Ne4 Nxe4 14. Qxe4
Qe7 15. h4 h6 16. Bd3 Qf6 17. Rfd1 Bd7 18. Qh7+ Kf8 19. Bb5 Ke7 20. Qd3 Kf8 21.
Qh7 Ke7 22. Rc3 Rac8 23. Qe4 Kf8 24. Rcd3 Be8 25. Rxd8 Rxd8 26. Rxd8 Qxd8 27.
Qh7 Qf6 28. Nd4 g5 29. hxg5 hxg5 30. Bxc6 Bxc6 31. Nxc6 bxc6 32. Qc2 Kg7 33.
Kf1 Qe5 34. Ke2 Qb5+ 35. Ke1 Qa5+ 36. Qc3+ Qxc3+ 37. bxc3 Kf6 38. Kd2 Ke5 39.
Kd3 Kd5 40. f4 g4 41. c4+ Kc5 42. Kc3 f6 43. Kb3 Kb6 44. Kb4 c5+ 1/2-1/2

[Event "BL 9394 Zehlendorf-Castrop Rauxel"]
[Site "?"]
[Date "1994.??.??"]
[Round "?.3"]
[White "Appel, R."]
[Black "Rahls, P."]
[Result "1-0"]
[WhiteElo "2430"]
[BlackElo "2230"]
[PlyCount "69"]
[EventDate "1994.??.??"]

1. d4 c5 2. d5 e5 3. e4 a6 4. a4 d6 5. Nc3 Be7 6. Nf3 Bg4 7. g3 Nd7 8. a5 h6 9.
h4 Ngf6 10. Be2 O-O 11. Nd2 Bxe2 12. Qxe2 Ne8 13. Nc4 Rb8 14. Ra3 Ndf6 15. Na4
Nc7 16. Rd3 Nb5 17. c3 h5 18. Bg5 g6 19. Bxf6 Bxf6 20. g4 Bxh4 21. Rdh3 g5 22.
Nab6 Qf6 23. Rf3 Qe7 24. Ne3 hxg4 25. Rf5 f6 26. Qxg4 Qh7 27. Rh3 Rf7 28. Rff3
Rbf8 29. Nf5 Rg7 30. Nd7 Rff7 31. Ne7+ Kh8 32. Nxf6 Rxf6 33. Rxf6 Rf7 34. Rxf7
Qxf7 35. Nf5 1-0

[Event "BL 9394 Zehlendorf-Castrop Rauxel"]
[Site "?"]
[Date "1994.??.??"]
[Round "?.4"]
[White "Cladouras, P."]
[Black "Hoffmann, M."]
[Result "1/2-1/2"]
[WhiteElo "2350"]
[BlackElo "2470"]
[PlyCount "81"]
[EventDate "1994.??.??"]

1. e4 c5 2. Nf3 d6 3. d4 cxd4 4. Nxd4 Nf6 5. Nc3 g6 6. Be2 Bg7 7. O-O O-O 8.
Be3 Nc6 9. Qd2 Ng4 10. Bxg4 Bxg4 11. f3 Bd7 12. Rad1 Rc8 13. Rf2 Ne5 14. b3 f5
15. exf5 gxf5 16. Nd5 Nf7 17. Ne2 b6 18. c4 e6 19. Ndc3 Be5 20. f4 Bf6 21. Bd4
h6 22. Bxf6 Qxf6 23. Nd4 a6 24. a4 Kh7 25. Re2 Rg8 26. Rde1 Rce8 27. Ra1 Bc8
28. a5 bxa5 29. Rxa5 Bb7 30. Nc2 Rc8 31. Qd4 Qd8 32. Ra1 Rg4 33. Ne3 Rg6 34.
Rae1 Qh8 35. Qxh8+ Kxh8 36. g3 Rb8 37. Kf2 Rgg8 38. Nc2 Bc8 39. Rb1 Kg7 40. Nd4
Kf6 41. Rbe1 1/2-1/2

[Event "BL 9394 Zehlendorf-Castrop Rauxel"]
[Site "?"]
[Date "1994.??.??"]
[Round "?.5"]
[White "Dinstuhl, V."]
[Black "Heinig, W."]
[Result "1-0"]
[WhiteElo "2365"]
[BlackElo "2320"]
[PlyCount "88"]
[EventDate "1994.??.??"]

1. d4 Nf6 2. c4 d6 3. Nc3 Nbd7 4. Nf3 g6 5. e4 e5 6. Be2 Bg7 7. O-O O-O 8. Qc2
c6 9. d5 c5 10. a3 Ne8 11. b4 b6 12. Rb1 Qe7 13. Bd3 Ndf6 14. Bg5 h6 15. Bd2
Nh5 16. g3 Bh3 17. Rfe1 f5 18. bxc5 bxc5 19. Nh4 Qf7 20. exf5 gxf5 21. Qc1 Qf6
22. Qd1 Nf4 23. Bxf4 exf4 24. Ne2 fxg3 25. hxg3 Qg5 26. Nf4 Bd4 27. Qf3 Bg4 28.
Qg2 Ng7 29. Nf3 Bxf3 30. Qxf3 Rab8 31. Ne6 Rxb1 32. Bxb1 Nxe6 33. dxe6 f4 34.
e7 Re8 35. Kg2 fxg3 36. fxg3 Rxe7 37. Rf1 Bf6 38. Qxf6 Re2+ 39. Kh3 Qh5+ 40.
Qh4 Qxh4+ 41. Kxh4 Re3 42. Rf6 Rxa3 43. Rxd6 Rc3 44. g4 Rxc4 1-0

[Event "BL 9394 Zehlendorf-Castrop Rauxel"]
[Site "?"]
[Date "1994.??.??"]
[Round "?.6"]
[White "Lieb, H."]
[Black "Hermesmann, H."]
[Result "0-1"]
[WhiteElo "2275"]
[BlackElo "2295"]
[PlyCount "84"]
[EventDate "1994.??.??"]

1. d4 Nf6 2. c4 g6 3. Nc3 Bg7 4. e4 d6 5. f3 O-O 6. Be3 b6 7. Qd2 c5 8. Nge2
Nc6 9. d5 Ne5 10. Ng3 e6 11. Be2 exd5 12. exd5 a6 13. a4 Ne8 14. f4 Ng4 15.
Bxg4 Bxg4 16. O-O h5 17. h3 Bd7 18. Nge4 Rb8 19. Rf2 Bf5 20. Qe2 Qd7 21. Ng3
Nf6 22. Re1 Rfe8 23. Qd2 h4 24. Nxf5 Qxf5 25. Rf3 Ne4 26. Nxe4 Rxe4 27. Bf2
Rxc4 28. b3 Rb4 29. Bxh4 Rd4 30. Qc1 Qxd5 31. Bf2 Rd3 32. Rxd3 Qxd3 33. Rd1
Qxb3 34. Rxd6 Qxa4 35. Qd2 Qb4 36. Qd5 a5 37. g4 Qxf4 38. Rxg6 Kf8 39. Rd6 Be5
40. Rd8+ Kg7 41. Kf1 Rxd8 42. Qxd8 Bd4 0-1

[Event "BL 9394 Zehlendorf-Castrop Rauxel"]
[Site "?"]
[Date "1994.??.??"]
[Round "?.8"]
[White "Klimm, W."]
[Black "Hille, RI."]
[Result "1/2-1/2"]
[WhiteElo "2250"]
[BlackElo "2275"]
[PlyCount "87"]
[EventDate "1994.??.??"]

1. Nf3 d5 2. c4 c6 3. g3 Nf6 4. Bg2 Bf5 5. O-O e6 6. b3 Nbd7 7. Bb2 h6 8. d3
Bc5 9. Nbd2 O-O 10. Qc2 Bh7 11. a3 a5 12. Bc3 Qe7 13. Qb2 Bd6 14. Ne5 Nxe5 15.
Bxe5 Bxe5 16. Qxe5 Rfc8 17. Rfc1 Bg6 18. Nf3 Nd7 19. Qb2 f6 20. b4 dxc4 21.
dxc4 axb4 22. axb4 Bf7 23. Nd4 Rxa1 24. Rxa1 g6 25. c5 e5 26. Nb3 Nb8 27. h4
Kg7 28. Nd2 Bd5 29. Ne4 Bxe4 30. Bxe4 Na6 31. Qc3 Qd7 32. h5 gxh5 33. Qf3 Qg4
34. Rd1 Qxf3 35. Bxf3 Rc7 36. Rb1 Rd7 37. b5 Nxc5 38. bxc6 bxc6 39. Rc1 Ne6 40.
Bxh5 Rc7 41. e3 c5 42. Kf1 Kf8 43. Ke2 Ke7 44. Bf3 1/2-1/2

[Event "BL 9394 München 36-HSK"]
[Site "?"]
[Date "1994.??.??"]
[Round "?.2"]
[White "Atlas, V."]
[Black "Ftacnik, L."]
[Result "1-0"]
[WhiteElo "2450"]
[BlackElo "2565"]
[PlyCount "75"]
[EventDate "1994.??.??"]

1. e4 c5 2. Nf3 d6 3. d4 cxd4 4. Nxd4 Nf6 5. Nc3 a6 6. Be3 e6 7. a4 Nc6 8. g3
Be7 9. Bg2 Bd7 10. O-O O-O 11. Re1 Qc7 12. Nxc6 Bxc6 13. a5 Nd7 14. Na4 Rae8
15. Nb6 f5 16. Nxd7 Qxd7 17. Qd3 fxe4 18. Bxe4 Bxe4 19. Qxe4 Bf6 20. Red1 d5
21. c4 Bxb2 22. Ra2 Rd8 23. Qg4 Bc3 24. Bb6 d4 25. Bxd8 Rxd8 26. Re2 Bxa5 27.
Rxe6 d3 28. Qf5 Bb4 29. Rxd3 Qxd3 30. Re8+ Rxe8 31. Qxd3 b6 32. Qd5+ Kh8 33.
Qc6 Rf8 34. Qxb6 Be1 35. f4 a5 36. c5 a4 37. c6 a3 38. Qc5 1-0

[Event "BL 9394 München 36-HSK"]
[Site "?"]
[Date "1994.??.??"]
[Round "?.3"]
[White "Mueller, Ka"]
[Black "Steinbacher, M."]
[Result "1-0"]
[WhiteElo "2480"]
[BlackElo "2390"]
[PlyCount "77"]
[EventDate "1994.??.??"]

1. e4 Nc6 2. Nf3 e5 3. d4 exd4 4. Nxd4 Nf6 5. Nc3 Bb4 6. Nxc6 bxc6 7. Bd3 d5 8.
exd5 Qe7+ 9. Qe2 Nxd5 10. Qxe7+ Kxe7 11. a3 Bxc3+ 12. bxc3 Be6 13. O-O Rab8 14.
Re1 g6 15. c4 Nb6 16. a4 Nd7 17. a5 f6 18. Ba3+ Kf7 19. Rxe6 Kxe6 20. Re1+ Ne5
21. f4 Kf7 22. fxe5 Rhe8 23. Bc5 Rxe5 24. Rxe5 fxe5 25. Be4 Rb1+ 26. Kf2 Ra1
27. Bxa7 Rxa5 28. Bb8 Rc5 29. Bd3 Ke6 30. Bxc7 e4 31. Bxe4 Rxc4 32. Ke3 Kd7 33.
Be5 Ke6 34. Kd3 Ra4 35. Bg3 Ra3+ 36. Kd4 Ra4+ 37. c4 Kd7 38. Kc5 Ra6 39. Bf4
1-0

[Event "BL 9394 München 36-HSK"]
[Site "?"]
[Date "1994.??.??"]
[Round "?.4"]
[White "Klundt, K."]
[Black "Maus, So"]
[Result "0-1"]
[WhiteElo "2380"]
[BlackElo "2420"]
[PlyCount "88"]
[EventDate "1994.??.??"]

1. e4 b6 2. d4 Bb7 3. Nc3 e6 4. Nf3 Bb4 5. Bd3 Nf6 6. Qe2 d5 7. exd5 Nxd5 8.
Bd2 Nxc3 9. bxc3 Be7 10. O-O Nd7 11. a4 a5 12. Rfe1 O-O 13. Rab1 Bf6 14. Bf4
Rc8 15. c4 Bxf3 16. Qxf3 Bxd4 17. Bxh7+ Kxh7 18. Qd3+ Kg8 19. Qxd4 Nc5 20. Qa1
Qh4 21. Be5 f6 22. Bd4 Ne4 23. f3 Ng5 24. c5 Rfd8 25. Be3 Kh8 26. Qa2 e5 27.
Red1 bxc5 28. Bxc5 e4 29. Qc4 Qh5 30. Rxd8+ Rxd8 31. f4 Nf7 32. h3 Nh6 33. Bf2
Rd1+ 34. Rxd1 Qxd1+ 35. Kh2 Qd2 36. Qc5 Qxf4+ 37. Bg3 Qf1 38. Qxa5 e3 39. Qe1
e2 40. a5 Nf5 41. Bf2 Ne3 42. Kg3 Qxg2+ 43. Kf4 Nxc2 44. Qxe2 g5+ 0-1

[Event "BL 9394 München 36-HSK"]
[Site "?"]
[Date "1994.??.??"]
[Round "?.5"]
[White "Michaelsen, N."]
[Black "Pezerovic, E."]
[Result "1/2-1/2"]
[WhiteElo "2430"]
[BlackElo "2395"]
[PlyCount "138"]
[EventDate "1994.??.??"]

1. d4 Nf6 2. c4 e6 3. Nc3 Bb4 4. Qc2 c5 5. dxc5 Na6 6. a3 Bxc3+ 7. Qxc3 Nxc5 8.
f3 a5 9. e4 d6 10. Be3 Qc7 11. Ne2 a4 12. Nd4 Bd7 13. Be2 Qa5 14. Qxa5 Rxa5 15.
O-O Ke7 16. Rad1 Rd8 17. Rd2 b6 18. Rfd1 Raa8 19. Bf1 h6 20. g4 Rac8 21. h3 Ne8
22. Bf2 g6 23. Be3 g5 24. h4 f6 25. Rh2 Ng7 26. Nc2 Bc6 27. Nd4 Kf7 28. hxg5
hxg5 29. Rhd2 Ke7 30. e5 Bb7 31. exf6+ Kxf6 32. Nb5 d5 33. cxd5 Rxd5 34. Nd6
Rxd2 35. Rxd2 Rb8 36. Kf2 Bd5 37. Bc4 Bc6 38. Kg3 Kg6 39. Bb5 Bxb5 40. Nxb5 Ne8
41. Nc3 Nb3 42. Rd7 b5 43. Ne4 Nf6 44. Nxf6 Kxf6 45. Rh7 b4 46. Rh6+ Kf7 47.
Bxg5 bxa3 48. bxa3 Nd4 49. Be3 Nc2 50. Bc5 Rb3 51. Rh7+ Kg6 52. Re7 Kf6 53. Ra7
Ne1 54. Rxa4 Rxf3+ 55. Kh2 Nd3 56. Bb6 Nf4 57. Bd8+ Kg6 58. Re4 Rh3+ 59. Kg1
Rd3 60. Be7 Nd5 61. Bc5 Nf6 62. Rxe6 Rg3+ 63. Kf2 Rxg4 64. Kf3 Rc4 65. Bd6 Kf5
66. Re5+ Kg6 67. Bb4 Kf7 68. Rg5 Ke6 69. Ke3 Rg4 1/2-1/2

[Event "BL 9394 München 36-HSK"]
[Site "?"]
[Date "1994.??.??"]
[Round "?.6"]
[White "Reich, T."]
[Black "Wegner, H."]
[Result "1/2-1/2"]
[WhiteElo "2385"]
[BlackElo "2385"]
[PlyCount "40"]
[EventDate "1994.??.??"]

1. e4 d5 2. exd5 Qxd5 3. Nc3 Qa5 4. Nf3 Nf6 5. d4 Bf5 6. Nd2 c6 7. Nc4 Qd8 8.
Be2 g6 9. O-O Bg7 10. Bf3 Be6 11. Ne5 Nbd7 12. Bf4 Nd5 13. Nxd5 Bxd5 14. Re1
O-O 15. c3 Bxf3 16. Nxf3 Re8 17. Qb3 Qb6 18. Ne5 Nxe5 19. Bxe5 Qxb3 20. axb3
Bxe5 1/2-1/2

[Event "BL 9394 München 36-HSK"]
[Site "?"]
[Date "1994.??.??"]
[Round "?.7"]
[White "Mowsziszian, K."]
[Black "Geisler, F."]
[Result "1-0"]
[WhiteElo "2490"]
[BlackElo "2265"]
[PlyCount "83"]
[EventDate "1994.??.??"]

1. d4 f5 2. Nf3 Nf6 3. g3 g6 4. Bg2 Bg7 5. O-O O-O 6. c4 d6 7. Nc3 Qe8 8. d5
Na6 9. Be3 Ng4 10. Bd4 e5 11. dxe6 Ne5 12. Rc1 c6 13. b4 Bxe6 14. b5 Nc7 15.
bxc6 bxc6 16. c5 Rd8 17. Qa4 Nb5 18. e3 f4 19. cxd6 Nxf3+ 20. Bxf3 Nxd4 21.
exd4 fxg3 22. Bxc6 gxh2+ 23. Kh1 Qf7 24. Nb5 a6 25. Qxa6 Kh8 26. Qb7 Rd7 27.
Qb6 Bh3 28. a4 Bxf1 29. Rxf1 Qc4 30. Bg2 Qxa4 31. Qc6 Rdd8 32. d5 Qb4 33. d7
Qg4 34. Nc7 Qxd7 35. Ne6 Qd6 36. Rc1 Qe5 37. Nxf8 Rxf8 38. d6 Bh6 39. Rd1 Qe2
40. Qd5 Qxf2 41. d7 Qf6 42. d8=Q 1-0

[Event "BL 9394 München 36-HSK"]
[Site "?"]
[Date "1994.??.??"]
[Round "?.8"]
[White "Sandor, C."]
[Black "Heinemann, T."]
[Result "0-1"]
[WhiteElo "2340"]
[BlackElo "2380"]
[PlyCount "96"]
[EventDate "1994.??.??"]

1. e4 c5 2. Nf3 d6 3. d4 cxd4 4. Nxd4 Nf6 5. Nc3 a6 6. Be3 e5 7. Nb3 Be7 8. f4
O-O 9. f5 d5 10. Nxd5 Nxd5 11. Qxd5 Qxd5 12. exd5 Bxf5 13. O-O-O Rc8 14. Bd3
Bxd3 15. Rxd3 Nd7 16. d6 Bd8 17. g4 Rc4 18. h3 Rac8 19. c3 f6 20. Nd2 R4c6 21.
Kb1 Kf7 22. Ne4 Ke6 23. Rhd1 Bb6 24. Bxb6 Rxb6 25. b3 Rbc6 26. Kb2 Nc5 27.
Nxc5+ Rxc5 28. d7 Rd8 29. Rd6+ Ke7 30. Rb6 Rc7 31. g5 Rdxd7 32. gxf6+ gxf6 33.
Rg1 Kf7 34. Rb4 Ke6 35. Rg8 Rg7 36. Rf8 Rgf7 37. Rg8 Kf5 38. Kc2 Rg7 39. Rb8
Rg2+ 40. Kd3 Rg3+ 41. Kd2 Rxh3 42. R4xb7 Rhxc3 43. Rxc7 Rxc7 44. Rb6 Ra7 45.
Ke3 a5 46. Rb5 h5 47. Kf3 h4 48. Rc5 Rg7 0-1

[Event "BL 9394 Bayern-Stadthagen"]
[Site "?"]
[Date "1994.??.??"]
[Round "?.1"]
[White "Karpov, An"]
[Black "Huebner, R."]
[Result "1-0"]
[WhiteElo "2740"]
[BlackElo "2610"]
[PlyCount "81"]
[EventDate "1994.??.??"]

1. d4 d5 2. c4 dxc4 3. e4 e5 4. Nf3 Bb4+ 5. Bd2 Bxd2+ 6. Nbxd2 exd4 7. Bxc4 Nc6
8. O-O Nf6 9. e5 Nd5 10. Qb3 Na5 11. Qa4+ Nc6 12. Qb3 Na5 13. Qb5+ c6 14. Qc5
b6 15. Qxd4 Nxc4 16. Qxc4 Bd7 17. Nd4 Rc8 18. Ne4 O-O 19. Nd6 Rc7 20. Rae1 Be6
21. Nxe6 fxe6 22. Re4 c5 23. Rd1 Qg5 24. g3 Kh8 25. Qe2 Rd7 26. Rg4 Qd8 27. Rd3
Ne7 28. b4 cxb4 29. Rxb4 Nd5 30. Rc4 Rc7 31. Rdd4 Rxc4 32. Rxc4 Qd7 33. Qd3 g6
34. h4 b5 35. Rc5 a6 36. Qd4 Kg8 37. Qg4 Nf6 {(oder Nb6)} 38. Qd4 Rd8 39. Qc3
Nd5 40. Qa5 Qa7 41. Qxd8+ 1-0

[Event "BL 9394 Bayern-Stadthagen"]
[Site "?"]
[Date "1994.??.??"]
[Round "?.2"]
[White "Yusupov, A."]
[Black "Khalifman, A."]
[Result "1/2-1/2"]
[WhiteElo "2665"]
[BlackElo "2660"]
[PlyCount "50"]
[EventDate "1994.??.??"]

1. d4 Nf6 2. c4 e6 3. Nf3 b6 4. e3 Bb7 5. Bd3 d5 6. O-O Bd6 7. Nc3 O-O 8. b3 a6
9. Bb2 Nbd7 10. Rc1 Qe7 11. Na4 dxc4 12. bxc4 Ne4 13. c5 bxc5 14. Ne5 Rfd8 15.
Nxd7 Rxd7 16. Bxe4 Bxe4 17. Nxc5 Bxc5 18. Rxc5 Qxc5 19. dxc5 Rxd1 20. Rxd1 f6
21. Bc3 Rb8 22. Ba5 Rb5 23. Bxc7 Rxc5 24. Rd8+ Kf7 25. Rd7+ Ke8 1/2-1/2

[Event "BL 9394 Bayern-Stadthagen"]
[Site "?"]
[Date "1994.??.??"]
[Round "?.3"]
[White "Lobron, E."]
[Black "Hjartarson, J."]
[Result "1/2-1/2"]
[WhiteElo "2570"]
[BlackElo "2595"]
[PlyCount "79"]
[EventDate "1994.??.??"]

1. c4 e5 2. g3 Nf6 3. Bg2 d5 4. cxd5 Nxd5 5. Nf3 Nc6 6. O-O Nb6 7. Nc3 Be7 8.
a3 O-O 9. b4 Re8 10. d3 Bf8 11. Bg5 Qd7 12. Bd2 a5 13. Ne4 axb4 14. axb4 Rxa1
15. Qxa1 Bxb4 16. Bxb4 Nxb4 17. Nxe5 Qa4 18. Qd4 N4d5 19. Nc4 Qb4 20. Rc1 Qe7
21. e3 Nxc4 22. Qxd5 Ne5 23. d4 Nd3 24. Ra1 Nb4 25. Qh5 h6 26. h4 b6 27. Nc3 c6
28. Ne4 Ba6 29. Qd1 Bd3 30. Nc3 Rd8 31. Qb3 c5 32. dxc5 bxc5 33. Nd5 Qe6 34.
Ra3 Bc2 35. Qc4 Rxd5 36. Ra8+ Kh7 37. Bxd5 Qxd5 38. Qxd5 Nxd5 39. Ra5 Be4 40.
Rxc5 1/2-1/2